| 000 | 00992nam a2200229Ia 4500 | ||
|---|---|---|---|
| 999 |
_c50918 _d50918 |
||
| 001 | 17873 | ||
| 003 | GE_BSU | ||
| 005 | 20200226170707.0 | ||
| 008 | 181216s1937ge xx |||||||||||||| ||geo|| | ||
| 040 | _cGE_BSU | ||
| 041 | _ageo | ||
| 080 | _a821.353.1-11 შ-15 | ||
| 100 |
_aშავთელი, იოვანე _97523 |
||
| 245 |
_aაბდულ-მესიანი / _cიოვანე შავთელი ; რედ. ს. კაკაბაძე. |
||
| 264 |
_aთბილისი : _bფედერაცია, _c1937. |
||
| 300 |
_a63გვ. ; _c19 სმ. |
||
| 500 | _aდანართი: ლექსიკონი (გვ. 53-58). საკუთარ სახელების საძიებელი (გვ. 59-62). | ||
| 653 | _aაბდულ-მესიანი | ||
| 653 | _aქართული ლიტერატურა | ||
| 700 |
_aკაკაბაძე, ს _eრედაქტორი _97524 |
||
| 942 |
_cBK _2udc |
||